| 000 | 00345nam a2200145Ia 4500 | ||
|---|---|---|---|
| 008 | 230312s9999||||xx |||||||||||||| ||und|| | ||
| 082 |
_a658.3 _bYAV-C |
||
| 100 | _aYavuz Serap | ||
| 245 | 0 | _aCross - Cultural Interfaces : | |
| 260 |
_bMiddlesex University _aLondon _c2006 |
||
| 300 | _a106 | ||
| 546 | _aEng. | ||
| 650 | _aManagement | ||
| 942 | _cBK | ||
| 999 |
_c749 _d749 |
||